000 00745nam a2200253Ia 4500
003 OSt
005 20220918222337.0
006 a|||||r|||| 00| 0
007 ta
008 220917b |||||||| |||| 00| 0 eng d
024 _a216,510
037 _cTextual
040 _aARTS
_cARTS
_beng
041 _2eng
_aeng
082 _aR625, N2
100 _aGokhale Pradeep P.
_9142866
245 0 _aInference and fallacies discussed in ancient Indian logic
260 _aDelhi
_bSri Satguru publications India
_c1992
300 _axxvi, 305p.
_ccm.
490 _aBibliotheca Indo-Buddhica series no.; 107
650 _aNYAYA PHILOSOPHY
_910608
942 _hR625, N2
_cTEXL
_2CC
999 _c275241
_d275241